| 000 | 01517nam a22001937a 4500 | ||
|---|---|---|---|
| 003 | OSt | ||
| 005 | 20201204101519.0 | ||
| 008 | 201204b 2014 sp a 00| 0 eng d | ||
| 020 | _a9788494245220 | ||
| 040 |
_aDO-SdBNP _bspa _cBNPHU |
||
| 245 | 0 | 0 |
_aAntología : _bEscritores dominicanos en España / _cpresentación ; Daniel Tejada. |
| 246 | 0 | _aPrimera antología de escritores dominicanos en España | |
| 260 |
_aEspaña : _bAcudebi, _c2014. |
||
| 300 |
_a140 p. : _bil., retrs. ; _c21 cm |
||
| 505 | 0 |
_tEl problema fundamental de la Filosofia / _rAlejandro Arvelo -- _tAbrazos gratis / _rAna María Céspedes -- _tVoy a ser puta / _rAna María Céspedes -- _tMahria / _rBernardo Silfa Bor -- _tEl túnel de los espejos / _rDaniel Tejada -- _tOnitino Asomosa / _r Daniel Tejada -- _tPosesión espiritual / _rDolquisa Olivares -- _tCrónica / _rDoris Araujo -- _tSachi / _rIsidra Mejía -- _tTodo por Al Capone / _rIsidra Mejía -- _tOtro mundo es posible / _rJonathan Gómez -- _tUn curato de hora / _rMayobanex Pérez Núñz -- _tLos tesoros del mar / _rNorberto Azor -- _tPaseando con mi perro / _rNorberto Azor -- _tLa muerte más dulce / _rRoberto García -- _tLa mueca / _rRosa Silverio -- _tDanza entre una escoba encendida y un rosal / _rSolángel Voldez -- _tEl gato roto mira desde su esquina / _rSol Lora -- _tEl gato roto es azul que se pierde en mi jardín / _rSol Lora -- _tPastelería Nati / _rVirginia Read Escobal. |
|
| 590 | _aInventariado, 2020 /LP | ||
| 700 | 1 |
_aTejada, Daniel, _epresentación _976233 |
|
| 942 |
_2ddc _cLBS1 |
||
| 999 |
_c49238 _d49238 |
||